Marine chemistry: an environmental analytical chemistry approach
Guardado en:
| Autores principales: | , , |
|---|---|
| Formato: | Libro |
| Lenguaje: | inglés |
| Publicado: |
Dordrecht
Kluwer Academic Publishers
1997
|
| Colección: | Water Science and Technology Library, 25
|
| Materias: | |
| Etiquetas: |
Agregar Etiqueta
Sin Etiquetas, Sea el primero en etiquetar este registro!
|
MARC
| LEADER | 00000nam a2200000 a 4500 | ||
|---|---|---|---|
| 001 | UCK6470 | ||
| 003 | CL-VaPUC | ||
| 008 | 050930e19970000ne |||||||||||||||||eng|d | ||
| 020 | |a 079234622X | ||
| 082 | 0 | 4 | |a 551.4601 |b GIA |2 21 |
| 100 | |a Gianguzza, Antonio |e author |9 495792 | ||
| 700 | 0 | |a Pelizzetti, Ezio |e author |9 495793 | |
| 700 | 0 | |a Sammartano, Silvio |e author |9 495794 | |
| 245 | 1 | 0 | |a Marine chemistry: an environmental analytical chemistry approach |
| 300 | |a 407 p | ||
| 942 | |c BK | ||
| 945 | |d 20050930 00:00:00 |a jcarroza | ||
| 260 | |a Dordrecht |b Kluwer Academic Publishers |c 1997 | ||
| 650 | 7 | |a OCEANOGRAFIA QUIMICA |2 CL-VaPUC |9 495795 | |
| 650 | 0 | |a Química del agua |9 261152 | |
| 583 | |a last modification |c 20171116 05:39:31 |k Rodrigo Vera | ||
| 490 | 0 | |a Water Science and Technology Library, 25 | |
| 999 | |c 314754 |d 314752 | ||
| 952 | |0 0 |1 0 |2 ddc |4 0 |6 551_460100000000000_GIA_1997 |7 0 |8 A |9 387471 |a BIBCUR |b BIBCUR |d 2019-11-22 |i 4170113 |l 3 |o 551.4601 GIA 1997 |p 4170113 |r 2025-04-28 |s 2025-04-14 |w 2019-11-22 |y BK |k CIM | ||